01857cam a22003854i 4500003000900000005001700009008004100026035002000067040003300087100003800120245008800158264001000246300002200256336002100278337002500299338002300324502005900347504002400406520089500430526001001325526001001335526000901345526000901354526000901363526000901372526000901381526000901390526000901399526000801408526000801416526000801424526000801432526000801440650002301448PE-LiUPU20250731165432.0160225s1999 pe grm 000 0 spa d a(Sirsi) a156300 aPE-LiUPUbspacPE-LiUPUerda1 aSalgado Gamarra, Eddy Rosaeautor1 aVestido de luto: Un conjunto de valores pedagógicos /cEddy Rosa Salgado Gamarra. 0c1999. a130 hojas c30 cm atext2rdacontent aunmediated2rdamedia avolume2rdacarrier aTesisb(Lic.) -- cUniversidad Peruana Unión,d1999. aIncluye referencias3 aActualmente se habla mucho de tecnología, convertida en el tema que despierta interés en la mayoría de personas si no en la actualidad. La tecnología no es más que instrumento utilizado para crear vida o para cavar con ella. Si meditamos seriamente, observamos que la tecnología puede convertir al ser humano en un hombre mecánico, frio, insensible, materialista y menos reflexivo. La ciencia avanza a pasos agigantados y el ser humano debe prepararse y capacitarse para poder beneficiarse de ella. Sin embargo, jamás podemos dejar de lado la ética y la moral, inherentes solamente a los hombres. Es necesario el equilibrio entre los conocimientos, científicos, técnicos y literarios. El filosofo ingles Alfred North Whitehead, plantea en su ensayo titulado "Los fines de la educación": que se debe impartir en las escuelas los tres conocimientos antes mencionados. aSEG44 aSEG26 aP151 aP150 aP149 aP146 aP145 aP126 aP125 aP92 aP75 aP74 aP27 aP1504aLutoxPedagogía.